MARC
| LEADER | 00000nam a2200000Ia 4500 | ||
|---|---|---|---|
| 008 | 170316s9999 xx 000 0 und d | ||
| 040 | |a cru BVZT | ||
| 090 | |a 860 S-17f | ||
| 100 | |a Sarmiento, Domingo F. | ||
| 245 | |a Facundo | ||
| 250 | |a 3 | ||
| 260 | |a Buenos Aires, Argentina | ||
| 260 | |b Losada | ||
| 260 | |c 1969 | ||
| 300 | |a 260 páginas | ||
| 650 | |a LITERATURA LATINOAMERICANA | ||
| 999 | |c 9197 |d 9197 | ||
| 942 | |c 15 D |h 860 S-17f |2 z | ||
